| 000 | 00700nam a2200205Ia 4500 | ||
|---|---|---|---|
| 008 | 191130s2008##################000#0#eng## | ||
| 020 | _a9780521858458 | ||
| 022 | _a2008276470 | ||
| 040 |
_aACL _cACL |
||
| 082 | _a579.2617 ABE | ||
| 245 |
_aBacteriophage ecology : population growth, evolution, and impact of bacterial viruses _cedited by Stephen T. Abedon |
||
| 260 |
_aCambridge _bCambridge University Press _c2008 |
||
| 300 | _axviii, 508 p. : ill. (some col.) ; 24 cm | ||
| 500 | _aIncludes bibliographical references and index | ||
| 650 | _aBacteriophages - Ecology | ||
| 700 | _aAbedon, Stephen T | ||
| 990 | _acd4f2393ac10000c3e4afd14e65972e5 | ||
| 991 | _a234620 | ||
| 999 |
_c376922 _d376922 |
||